| 000 | 00397nam a22001577a 4500 | ||
|---|---|---|---|
| 999 |
_c9532 _d9532 |
||
| 003 | GBCCL | ||
| 005 | 20241126110714.0 | ||
| 008 | 230303b ||||| |||| 00| 0 eng d | ||
| 040 | _cgbc | ||
| 082 |
_a248.83 _bTOM |
||
| 100 |
_aTombing, Pum Za Thang _97924 |
||
| 245 | _aTuailai leh koppih zonna | ||
| 260 |
_aBangalore : _bGilead ministries trust, _c2011 |
||
| 300 | _a76p . | ||
| 942 |
_2ddc _cBK _01 |
||